| 000 | 00846cam a2200277 a 4500 | ||
|---|---|---|---|
| 999 |
_c8047 _d8047 |
||
| 001 | 8047 | ||
| 003 | BD-JhCC | ||
| 005 | 20180217190640.0 | ||
| 008 | 870401r19651960enk 000 0 eng d | ||
| 035 | _a(BD-JhCC)8047 | ||
| 035 | _a2367031 | ||
| 040 |
_aANL _cANL _dWCX _dBD-JhCC |
||
| 041 | _aeng | ||
| 082 | 0 | 4 |
_a759.2 _bPIP 1960 |
| 100 | 1 |
_aPiper, David, _cSir, _d1918- |
|
| 245 | 1 | 0 |
_aPainting in England 1500-1880 : _ban introduction / _cby David Piper. |
| 250 | _a[New ed. | ||
| 260 |
_aHarmondsworth, Eng.] : _bPenguin Books, _c[1965]. |
||
| 300 |
_a176 p. : _bill. ; _c20 cm. |
||
| 490 | 0 |
_aPelican book A ; _v708 |
|
| 500 | _aFirst published in 1960 by the Book Society with title: Painting in England, 1500-1870. | ||
| 650 | 0 | _aPainters, English. | |
| 650 | 0 |
_aPainting _zEngland _xHistory. |
|
| 942 |
_2ddc _cBK |
||